Probability theory in finance : a mathematical guide to the Black-Scholes formula

Saved in:
Bibliographic Details
Main Author: Dineen, Sean 1944-
Format: Book
Language:English
Published: Providence, RI : American Mathematical Society, c2005
Series:Graduate studies in mathematics ; ; 70
Subjects:
Tags: Add Tag
No Tags, Be the first to tag this record!

MARC

LEADER 00000nam a2200000 i 4500
001 1/68641
008 071219s2005 eng d
020 |a 978-0-8218-3951-5 
035 |l 10093262 
040 |a GR-MY-UA  |b gre  |e aacr 
041 0 |a eng 
082 0 |a 332.01519  |2 (22) 
100 1 |a Dineen, Sean  |d 1944- 
245 1 0 |a Probability theory in finance :  |b a mathematical guide to the Black-Scholes formula /  |c Sean Dineen 
260 |a Providence, RI :   |b American Mathematical Society,   |c c2005 
300 |a xiii, 294 σ.;  |b εικ.;  |c 26 εκ. 
490 1 |a Graduate studies in mathematics  |v ; 70 
504 |a Περιέχει βιβλιογραφικές παραπομπές (σ. 289-290) και ευρετήριο 
650 0 0 |a Business mathematics. 
830 0 |a Graduate studies in mathematics ;  |v ; 70 
852 |a INST  |b SAMOS  |e 20071219  |h 332.01519 DIN  |p 005300027465  |q 005300027465  |t BK  |y 0 
901 |a BIBL3-2007-3 
909 |a Σ  |b 140341 
922 |a 3ΕΛΗ  |b 200711  |c ΕΠΕΑΕΚ2/ΤΜΗΜΑ ΜΑΘΗΜΑΤΙΚΩΝ  |d ΕΛΕΥΘΕΡΟΥΔΑΚΗΣ 
970 |a ΚΟΣΙΕΡΗΣ  |b ΧΡΗΣΤΟΣ  |z 2007/12/19